| 000 | 00820nas a22002297a 4500 | ||
|---|---|---|---|
| 005 | 20260602172500.0 | ||
| 008 | 260602b19751976pormr|j|||||| 00| z0por d | ||
| 040 | _cBR-ViAPE | ||
| 245 | _aGuia | ||
| 260 |
_aVitória _bEditora Guia Ltda _c1975-1976 |
||
| 300 |
_av. _bil. |
||
| 310 | _aMensal | ||
| 362 | _aAno 1, n. 1 (jan. 1975) - ano 2, n. 15 (mar. 1976). | ||
| 500 | _aDisponibilizada apenas a imagem da capa na versão digital, em virtude de restrições de direitos autorais. | ||
| 500 | _aColeção incompleta: disponíveis apenas alguns números do periódico. | ||
| 650 |
_aFiscal _xLegislativo _xCidadão _zEspírito Santo |
||
| 651 |
_aEspírito Santo (Brasil) _vPeriódicos |
||
| 700 |
_aSilva, Esther Marques Neves da _eDiretor |
||
| 710 | _aEditora Guia Ltda | ||
| 942 |
_2ddc _cPER _n1 |
||
| 999 |
_c764 _d764 |
||